Moona and the magic lotus

Bibliographic Details
Main Author: Supaya Adam
Format: Book
Published: Petaling Jaya : Pustaka Pepada Jaya , 1996
Series:Enchanting tales for young readers
Subjects:

MARC

LEADER 00000cam a2200000 7i4500
001 0000009701
002 000010566
005 20080321.0
020 |a 9830220656 
090 0 0 |a JF   |b SUP 
100 0 |a Supaya Adam 
245 1 0 |a Moona and the magic lotus   |c Supaya Adam 
260 |a Petaling Jaya :   |b Pustaka Pepada Jaya ,   |c 1996 
300 |a 30p. :   |b ill. ;   |c 17cm. 
490 0 |a Enchanting tales for young readers 
650 0 0 |a Children's stories 
999 |a 050631   |b BUKU   |c PINJAMAN   |e PERPUSTAKAAN KOMUNITI PETALING JAYA 
999 |a 080631   |b BUKU   |c PINJAMAN   |e PERPUSTAKAAN KOMUNITI PETALING JAYA